Recognizing footballers tattoos #2 - Statistics

General Stats
  • This quiz has been taken 17 times
  • The average score is 4 of 6
Answer Stats
Picture Answer % Correct
Richarlison
88%
Memphis Depay
81%
Ederson
63%
Phil Foden
63%
Ricardo Quaresma
56%
Lautaro Martinez
13%
No matching quizzes found
Score Distribution
Percent of People with Each Score
Percentile by Number Answered
Your Score History
You have not taken this quiz